Repercusiones Regionales de la Crisis Argentina

保存先:
書誌詳細
フォーマット: テキスト
主題:
タグ: タグ追加
タグなし, このレコードへの初めてのタグを付けませんか!

MARC

LEADER 00000 a a2200000 04500
001 10257
003
040
245 |a Repercusiones Regionales de la Crisis Argentina  
650 |a CRISIS  
650 |a RECESION ECONOMICA  
650 |a CONSECUENCIAS ECONOMICAS  
650 |a MERCADO MONETARIO  
773 |g número 24; páginas 1, 6  
999 |c 34707  |d 34707